Hollywood ''Golden Age'' Actors - Picture Quiz - Statistics

General Stats
  • This quiz has been taken 589 times
  • The average score is 11 of 15
Answer Stats
Picture Answer % Correct
James Dean
94%
Katharine Hepburn
90%
Humphrey Bogart
88%
Cary Grant
82%
Grace Kelly
80%
James Stewart
79%
Frank Sinatra
78%
Bette Davis
74%
Kirk Douglas
73%
Ingrid Bergman
72%
Lauren Bacall
72%
Doris Day
70%
Marlene Dietrich
62%
Greta Garbo
56%
Ava Gardner
47%
No matching quizzes found
Score Distribution
Percent of People with Each Score
Percentile by Number Answered
Your Score History
You have not taken this quiz